Muerte y existencia: una historia conceptual de la mortalidad humana

Uloženo v:
Podrobná bibliografie
Hlavní autor: Carse, James P (Autor)
Médium: Kniha
Jazyk:španělština
Vydáno: Ciudad de México Fondo de Cultura Económica 1987
Témata:
Tagy: Přidat tag
Žádné tagy, Buďte první, kdo vytvoří štítek k tomuto záznamu!

MARC

LEADER 00000nam a2200000 a 4500
001 UCW9493
003 CL-VaPUC
008 890502e19870000MX |||||||||||||||||spa|d
082 0 4 |a 128  |b CAR  |2 21 
100 0 |a Carse, James P  |e author  |9 314774 
245 1 0 |a Muerte y existencia: una historia conceptual de la mortalidad humana 
300 |a 497 p 
942 |c BK 
945 |d 19890502 00:00:00 
260 |a Ciudad de México  |b Fondo de Cultura Económica  |c 1987 
650 0 |a Muerte  |9 265114 
583 |a last modification  |c 19890502 00:00:00  |k Rodrigo Vera 
999 |c 221451  |d 221449 
952 |0 0  |1 0  |4 0  |6 128_000000000000000_CAR_1987  |7 0  |8 A  |9 214790  |a BIBHIS  |b BIBHIS  |d 2019-11-15  |i 2833492  |l 4  |o 128 CAR 1987  |p 2833492  |r 2025-01-20  |s 2022-05-26  |w 2019-11-15  |y BK  |k HIS